| 000 | 00465cam a2200193ua 4500 | ||
|---|---|---|---|
| 001 | 3194 | ||
| 008 | 111012n ii |||gr||||Z||||||asm | ||
| 020 | _a81-86494-41-3 | ||
| 040 | _cMAIN | ||
| 082 | _a891.4513 | ||
| 100 | 1 |
_aBhuyan, Satyajit, _eAuthor. |
|
| 245 | 1 | 1 |
_aAgharir ghar _cby Satyajit Bhuyan |
| 250 | _a1st. | ||
| 260 |
_aGuahati: _bStudents stores,996. |
||
| 300 |
_a127p: _c23cm. |
||
| 653 | _aAssamese novel | ||
| 653 | _aAgharir ghar | ||
| 942 | _cBK | ||
| 999 |
_c3040 _d3040 |
||